Rediscovering pastoral care / (Record no. 4899)
[ view plain ]
| 000 -LEADER | |
|---|---|
| fixed length control field | 00698nam a22002411 4500 |
| 003 - CONTROL NUMBER IDENTIFIER | |
| control field | ALUPE UNIVERSITY |
| 005 - DATE AND TIME OF LATEST TRANSACTION | |
| control field | 20220330111852.0 |
| 008 - FIXED-LENGTH DATA ELEMENTS--GENERAL INFORMATION | |
| fixed length control field | 930225s1986 enk 001 0 eng d |
| 020 ## - INTERNATIONAL STANDARD BOOK NUMBER | |
| International Standard Book Number | 0232516952 |
| 040 ## - CATALOGING SOURCE | |
| Transcribing agency | ALUPE UNIVERSITY |
| 050 14 - LIBRARY OF CONGRESS CALL NUMBER | |
| Classification number | BV4011 |
| Item number | .C36 1981 |
| 092 ## - LOCALLY ASSIGNED DEWEY CALL NUMBER (OCLC) | |
| Classification number | D0501099034 |
| 100 1# - MAIN ENTRY--PERSONAL NAME | |
| Personal name | Campbell, Alastair V. |
| 245 10 - TITLE STATEMENT | |
| Title | Rediscovering pastoral care / |
| Statement of responsibility, etc. | Alastair V. Campbell |
| 250 ## - EDITION STATEMENT | |
| Edition statement | 2nd ed |
| 260 ## - PUBLICATION, DISTRIBUTION, ETC. | |
| Place of publication, distribution, etc. | London : |
| Name of publisher, distributor, etc. | Darton, Longman & Todd, |
| Date of publication, distribution, etc. | c1986. |
| 300 ## - PHYSICAL DESCRIPTION | |
| Extent | [144] p ; |
| Dimensions | 22 c |
| 650 #0 - SUBJECT ADDED ENTRY--TOPICAL TERM | |
| Topical term or geographic name entry element | Pastoral theology |
| 942 ## - ADDED ENTRY ELEMENTS (KOHA) | |
| Source of classification or shelving scheme | |
| Koha item type | Book |
| Withdrawn status | Lost status | Source of classification or shelving scheme | Damaged status | Not for loan | Permanent Location | Current Location | Shelving location | Date acquired | Source of acquisition | Total Checkouts | Full call number | Barcode | Date last seen | Price effective from | Koha item type | Public note |
|---|---|---|---|---|---|---|---|---|---|---|---|---|---|---|---|---|
| AU LIBRARY | AU LIBRARY | Open Shelf | 30.03.2022 | DONATION FROM MOI UNIVERSITY | BV4011 .C36 1981 | 28011815 | 30.03.2022 | 30.03.2022 | Book | WO |